MSA LET licensure examination for teachers reviewer (Record no. 84695)

MARC details
000 -LEADER
fixed length control field 00936nam a22002657a 4500
003 - CONTROL NUMBER IDENTIFIER
control field URS
005 - DATE AND TIME OF LATEST TRANSACTION
control field 20250828100453.0
008 - FIXED-LENGTH DATA ELEMENTS--GENERAL INFORMATION
fixed length control field 160523b xxu||||| |||| 00| 0 eng d
020 ## - INTERNATIONAL STANDARD BOOK NUMBER
International Standard Book Number 978 - 971 - 571 - 116 - 3
040 ## - CATALOGING SOURCE
Original cataloging agency URS
Transcribing agency URS
041 ## - LANGUAGE CODE
Language code of text/sound track or separate title eng
050 00 - LIBRARY OF CONGRESS CALL NUMBER
Classification number LB 1765
Item number .P6 .A44 2002
100 1# - MAIN ENTRY--PERSONAL NAME
Personal name Alferez, Merle S.
Relator term author
245 ## - TITLE STATEMENT
Title MSA LET licensure examination for teachers reviewer
Statement of responsibility, etc. Merle S. Alferez, Amacha A. Feliciano and Maria Cecilia A. Duro
264 ## - PRODUCTION, PUBLICATION, DISTRIBUTION, MANUFACTURE, AND COPYRIGHT NOTICE
Place of production, publication, distribution, manufacture Quezon City
Name of producer, publisher, distributor, manufacturer MSA Academic Advancement Institute
Date of production, publication, distribution, manufacture, or copyright notice ©2002
300 ## - PHYSICAL DESCRIPTION
Extent 141 pages ;
Dimensions 21 cm
336 ## - CONTENT TYPE
Source rdacontent
Content type term text
337 ## - MEDIA TYPE
Source rdamedia
Media type term unmediated
338 ## - CARRIER TYPE
Source rdacarrier
Carrier type term volume
650 ## - SUBJECT ADDED ENTRY--TOPICAL TERM
Topical term or geographic name entry element Teachers - - Philippines - Examinations, questions, etc.
650 ## - SUBJECT ADDED ENTRY--TOPICAL TERM
Topical term or geographic name entry element Education - - Philippines - - Examinations, questions, etc.
700 1# - ADDED ENTRY--PERSONAL NAME
Personal name Feliciano, Amacha A.
Relator term author
700 1# - ADDED ENTRY--PERSONAL NAME
Personal name Duro, Maria Cecilia S.
Relator term author
942 ## - ADDED ENTRY ELEMENTS (KOHA)
Koha item type Filipiniana
Source of classification or shelving scheme Library of Congress Classification
Holdings
Withdrawn status Source of classification or shelving scheme Damaged status Not for loan Collection code Home library Current library Date acquired Total Checkouts Full call number Barcode Date last seen Price effective from Koha item type
  Library of Congress Classification     Non-fiction Morong Graduate Library Morong Graduate Library 04/07/2025   LB 1765 .P6 .A44 2002 URSMOR-GL-2287 04/07/2025 04/07/2025 Filipiniana

University of Rizal System
Email us at univlibservices@urs.edu.ph

Visit our Website www.urs.edu.ph/library